000
00264nam a22001097a 4500
008
170126b xxu||||| |||| 00| 0 eng d
020
_a
0827350104
041
_a
eng
080
_2
4TH
_a
61
245
_a
INTRODUCTION TO HEALTH SERVICES
_c
WILLIAMS, S.J
942
_2
udc
_c
BK
999
_c
3769
_d
3769